<?xml version="1.0" encoding="UTF-8"?>
<record
    xmlns:xsi="http://www.w3.org/2001/XMLSchema-instance"
    xsi:schemaLocation="http://www.loc.gov/MARC21/slim http://www.loc.gov/standards/marcxml/schema/MARC21slim.xsd"
    xmlns="http://www.loc.gov/MARC21/slim">

  <leader>01196nam a2200265Ia 4500</leader>
  <controlfield tag="003">OSt</controlfield>
  <controlfield tag="005">20241024153427.0</controlfield>
  <controlfield tag="008">200819s9999||||xx |||||||||||||| ||und||</controlfield>
  <datafield tag="020" ind1=" " ind2=" ">
    <subfield code="a">9579824355</subfield>
  </datafield>
  <datafield tag="020" ind1=" " ind2=" ">
    <subfield code="a">9789579824354</subfield>
  </datafield>
  <datafield tag="040" ind1=" " ind2=" ">
    <subfield code="c">0</subfield>
  </datafield>
  <datafield tag="041" ind1=" " ind2=" ">
    <subfield code="a">chi</subfield>
    <subfield code="h">eng</subfield>
  </datafield>
  <datafield tag="050" ind1=" " ind2=" ">
    <subfield code="a">BV4529 </subfield>
    <subfield code="b">.F63 1999</subfield>
  </datafield>
  <datafield tag="100" ind1=" " ind2=" ">
    <subfield code="a">Yorkey, Mike </subfield>
  </datafield>
  <datafield tag="245" ind1=" " ind2="0">
    <subfield code="a">&#x5B69;&#x5B50;&#x807D;&#x4F60;&#x90A3;&#x4E00;&#x5957;&#x55CE;? &#xFF1A;</subfield>
    <subfield code="b">&#x990A;&#x5152;&#x80B2;&#x5973;&#x6709;&#x5999;&#x62DB;1 /</subfield>
    <subfield code="c">&#x9EA5;&#x514B;.&#x694A;&#x57FA; (Mike Yorkey) &#x8457;; &#x9EC3;&#x6DD1;&#x4FD0;&#x8B6F;</subfield>
  </datafield>
  <datafield tag="246" ind1=" " ind2=" ">
    <subfield code="a">&#x5B69;&#x5B50;&#x542C;&#x4F60;&#x90A3;&#x4E00;&#x5957;&#x5417;?&#xFF1A;</subfield>
    <subfield code="b">&#x517B;&#x513F;&#x80B2;&#x5973;&#x6709;&#x5999;&#x62DB;1</subfield>
  </datafield>
  <datafield tag="260" ind1=" " ind2=" ">
    <subfield code="a">&#x53F0;&#x5317;:</subfield>
    <subfield code="b">&#x611B;&#x5BB6;&#x6587;&#x5316;&#x57FA;&#x91D1;&#x6703;,</subfield>
    <subfield code="c">1999</subfield>
  </datafield>
  <datafield tag="300" ind1=" " ind2=" ">
    <subfield code="a">9, 206 p. :</subfield>
    <subfield code="b">ill. ;</subfield>
    <subfield code="c">21 cm.</subfield>
  </datafield>
  <datafield tag="505" ind1=" " ind2=" ">
    <subfield code="a">&#x4F60;&#x5C0D;&#x990A;&#x80B2;&#x5E7C;&#x5152;&#x53CA;&#x5B78;&#x9F61;&#x5152;&#x7AE5;&#x611F;&#x5230;&#x982D;&#x75DB;&#x55CE;&#xFF1F;&#x5982;&#x4F55;&#x8B93;&#x5B69;&#x5B50;&#x8208;&#x5473;&#x76CE;&#x7136;&#x7684;&#x6C42;&#x5B78;&#xFF1F;&#x5982;&#x4F55;&#x5275;&#x9020;&#x548C;&#x8AE7;&#x6B61;&#x6A02;&#x7684;&#x5BB6;&#x5EAD;&#x6C23;&#x6C1B;&#xFF1F;&#x66F8;&#x4E2D;&#x6BCF;&#x7BC7;&#x7AE0;&#x4F5C;&#x8005;&#x591A;&#x5F9E;&#x4E8B;&#x6559;&#x80B2;&#x3001;&#x5FC3;&#x7406;&#x8F14;&#x5C0E;&#x5DE5;&#x4F5C;&#xFF0C;&#x6DF1;&#x8AF3;&#x5404;&#x5E74;&#x9F61;&#x5C64;&#x5B69;&#x5B50;&#x7684;&#x5FC3;&#x7406;&#xFF0C;&#x4E26;&#x63D0;&#x4F9B;&#x4F60;&#x5177;&#x9AD4;&#x4F5C;&#x6CD5;&#x548C;&#x771F;&#x5BE6;&#x4E8B;&#x4F8B;&#xFF0C;&#x5E6B;&#x52A9;&#x7236;&#x6BCD;&#x89AA;&#x71DF;&#x9020;&#x7F8E;&#x597D;&#x7684;&#x89AA;&#x5B50;&#x95DC;&#x4FC2;&#xFF0C;&#x990A;&#x80B2;&#x51FA;&#x5065;&#x5EB7;&#x3001;&#x958B;&#x6717;&#x3001;&#x8209;&#x6B62;&#x5408;&#x5B9C;&#x3001;&#x5FC3;&#x6027;&#x6210;&#x719F;&#x7684;&#x4E0B;&#x4E00;&#x4EE3;&#x3002;</subfield>
  </datafield>
  <datafield tag="650" ind1=" " ind2=" ">
    <subfield code="a">Child rearing -- Religious aspects -- Christianity.</subfield>
  </datafield>
  <datafield tag="650" ind1=" " ind2=" ">
    <subfield code="a">Families -- Religious life.</subfield>
  </datafield>
  <datafield tag="700" ind1=" " ind2=" ">
    <subfield code="a">&#x9EA5;&#x514B;.&#x694A;&#x57FA;</subfield>
  </datafield>
  <datafield tag="700" ind1=" " ind2=" ">
    <subfield code="a">&#x9EC3;&#x6DD1;&#x4FD0;</subfield>
  </datafield>
  <datafield tag="942" ind1=" " ind2=" ">
    <subfield code="2">ddc</subfield>
    <subfield code="c">CB</subfield>
  </datafield>
  <datafield tag="952" ind1=" " ind2=" ">
    <subfield code="0">0</subfield>
    <subfield code="1">0</subfield>
    <subfield code="2">LCC</subfield>
    <subfield code="4">0</subfield>
    <subfield code="7">0</subfield>
    <subfield code="a">GETS</subfield>
    <subfield code="b">GETS</subfield>
    <subfield code="c">GEN</subfield>
    <subfield code="d">2020-07-12</subfield>
    <subfield code="l">0</subfield>
    <subfield code="o">BV4529 .F63 1999</subfield>
    <subfield code="p">00000559</subfield>
    <subfield code="r">2020-07-12 00:00:00</subfield>
    <subfield code="w">2020-07-12</subfield>
    <subfield code="y">CB</subfield>
  </datafield>
  <datafield tag="952" ind1=" " ind2=" ">
    <subfield code="0">0</subfield>
    <subfield code="1">0</subfield>
    <subfield code="2">LCC</subfield>
    <subfield code="4">0</subfield>
    <subfield code="7">0</subfield>
    <subfield code="a">GETS</subfield>
    <subfield code="b">GETS</subfield>
    <subfield code="c">GEN</subfield>
    <subfield code="d">2020-08-19</subfield>
    <subfield code="l">0</subfield>
    <subfield code="o">BV4529 .F63 1999</subfield>
    <subfield code="p">00003118</subfield>
    <subfield code="r">2020-08-19 00:00:00</subfield>
    <subfield code="t">c. 2</subfield>
    <subfield code="w">2020-08-19</subfield>
    <subfield code="y">CB</subfield>
  </datafield>
  <datafield tag="999" ind1=" " ind2=" ">
    <subfield code="c">606</subfield>
    <subfield code="d">606</subfield>
  </datafield>
</record>
